Brahmaputra upatyakar nirbasita galpaguchcha/ (Record no. 12034)

MARC details
000 -LEADER
fixed length control field 00572nam a22001817a 4500
005 - DATE AND TIME OF LATEST TRANSACTION
control field 20250215064447.0
008 - FIXED-LENGTH DATA ELEMENTS--GENERAL INFORMATION
fixed length control field 250215b |||||||| |||| 00| 0 eng d
040 ## - CATALOGING SOURCE
Original cataloging agency IN-DiNC
Transcribing agency IN-DiNC
041 ## - LANGUAGE CODE
Language code of sung or spoken text Assamese
082 ## - DEWEY DECIMAL CLASSIFICATION NUMBER
Classification number 891.4513
Item number BRA
245 ## - TITLE STATEMENT
Title Brahmaputra upatyakar nirbasita galpaguchcha/
Statement of responsibility, etc. ed. by Prag Kumar Bhattacharyya
260 ## - PUBLICATION, DISTRIBUTION, ETC.
Place of publication, distribution, etc. Jorhat:
Name of publisher, distributor, etc. Asam Sahitya Sabha,
Date of publication, distribution, etc. 2014.
300 ## - PHYSICAL DESCRIPTION
Extent 530p.
650 ## - SUBJECT ADDED ENTRY--TOPICAL TERM
Topical term or geographic name entry element Selected short stories of Brahmaputra valley
700 ## - ADDED ENTRY--PERSONAL NAME
Personal name Bhattacharyya, Parag Kumar
Relator term Editor
700 ## - ADDED ENTRY--PERSONAL NAME
Personal name Rajbanshi, Paramananda
Relator term Editor
942 ## - ADDED ENTRY ELEMENTS (KOHA)
Source of classification or shelving scheme Dewey Decimal Classification
Koha item type Books
Holdings
Withdrawn status Lost status Source of classification or shelving scheme Damaged status Not for loan Collection code Home library Current library Shelving location Date acquired Cost, normal purchase price Total Checkouts Full call number Barcode Date last seen Copy number Price effective from Koha item type
    Dewey Decimal Classification     Assamese Central Library, Naharkatiya College Central Library, Naharkatiya College General Stacks 15/02/2025 200.00   891.4513 BRA 25814 15/02/2025 1 15/02/2025 Books

Naharkatiya College © 2020. All rights reserved.

Powered By